|
|
|
|
| LEADER |
00658nam a2200205Ia 4500 |
| 008 |
240829s9999 xx 000 0 und d |
| 040 |
|
|
|a BIBLIOTECA-RUSB/ Ref 632.6 L253
|
| 041 |
|
|
|a spa
|
| 082 |
|
|
|a Ref 632.6 L253
|
| 100 |
1 |
|
|a Landaverde Toruño, Róger A.
|
| 245 |
1 |
0 |
|a Las Plagas de los productos alimenticios almacenados en al región del OIRSA
|
| 260 |
|
|
|a San Salvador
|b OIRSA
|c 2003
|
| 300 |
|
|
|a 171 p. :il.
|
| 650 |
7 |
|
|a PLAGAS ANIMALES - PRODUCTOS ALMACENAMIENTOS
|
| 650 |
7 |
|
|b ALMACENAMIENTO - GRANO ALIMENTICIOS
|
| 650 |
7 |
|
|c CLASIFICACION DE LOS INSECTOS
|
| 650 |
7 |
|
|d PLAGAS - CUARENTENARIAS
|
| 942 |
|
|
|c BK
|2 ddc
|
| 991 |
|
|
|a TEXTO
|
| 999 |
|
|
|c 6163
|